000 00647nam a22002295i 4500
001 11718
003 ES-MaACL
005 20230906150147.0
007 t|
008 931014s1993 sp ||||0| spa j
020 _a84-7492-653-X
040 _aM-BN
_bspa
_cM-BN
080 _a860-14"19"
100 1 _aAlbert Robatto, Matilde.
_919328
245 1 0 _aMágica saudade /
_cMatilde Albert Robatto.
260 _aSada, A Coruña :
_bEdiciós do Castro,
_c[1993]
300 _a49 p ;
_c19 cm.
490 1 _aPoesía
830 0 _aPoesía
_9177794
852 _aES-MaACL
_jL-19082
_bR.125234
_q. - Ded. autógr. de la autora
999 _c11718
_d11718